Technical and Programming Means for Education in Technical Subjects Proceedings

Gespeichert in:
Bibliographische Detailangaben
Format: Buch
Sprache:Englisch
Veröffentlicht: Bratislava : Slovak University of Technology, 1991
Tags: Tag hinzufügen
Keine Tags, Fügen Sie das erste Tag hinzu!

MARC

LEADER 00000nam a22000003a 4500
001 stu283539
005 20150408183133.6
008 140204s--------cs------------------eng-d
040 |a STU  |b slo 
041 0 |a eng 
044 |a cs 
245 |a Technical and Programming Means for Education in Technical Subjects Proceedings 
260 |a Bratislava :  |b Slovak University of Technology,  |c 1991 
300 |a 49 s 
996 |b IZ25  |c I*Z25  |l II680  |s A  |a 24  |w stu283539_0001